MARC

LEADER 00000nam0a2200000 4500
001 307373
005 20231102002004.0
020 |a RU  |b 83-82309 
035 |a (RuTPU)RU\TPU\book\332666 
090 |a 307373 
100 |a 20151020d1983 m y0rusy5003 ca 
101 0 |a rus 
102 |a RU 
105 |a a j 001zy 
200 1 |a Метод характеристик и ударные волны  |e учебное пособие  |f А. К. Полубояринов  |g Ленинградский механический институт (ЛМИ) 
210 |a Ленинград  |c Ленинградский механический ин-т  |d 1983 
215 |a 97 с.  |c ил. 
320 |a Библиогр.: с. 94-96 
606 1 |a Волны ударные  |2 stltpush  |3 (RuTPU)RU\TPU\subj\71073  |9 85135 
610 1 |a расчет 
610 1 |a метод характеристик 
610 1 |a газы 
610 1 |a течение 
610 1 |a установившиеся течения 
610 1 |a параметры 
610 1 |a обтекание 
610 1 |a учебные пособия 
675 |a 533.6.01(075.8)  |z rus  |v 3 
700 1 |a Полубояринов  |b А. К.  |g Анатолий Константинович  |4 070 
712 0 2 |a Ленинградский механический институт (ЛМИ)  |c (1957-1992)  |2 stltpush  |3 (RuTPU)RU\TPU\col\7670 
801 0 |a RU  |b RuMRKP  |c 19950704  |g psbo 
801 1 |a RU  |b 63413507  |c 20151020 
801 2 |a RU  |b 63413507  |c 20180716  |g RCR 
942 |c BK